01196cam a2200301 a 450000500170000000800410001702000280005802000260008604000290011204100080014104400070014908200170015624500950017326000710026830000570033950000290039650400540042565000180047965000150049765000480051265000240056065000290058470000510061370000290066494200150069399900170070895201690072520191217042650.0940518s1994 gw a b 001 0 eng  a9783540581031 (impreso) a9783642580017 (ebook) aDLCcDLCdDLCdCO-BoIAVH0 aeng agx00a577.88bB61e00aBiodiversity and ecosystem function /ceditado por Ernst-Detlef Schulze y Harold A. Mooney aBerlin (Alemania) ;aNew York (EE.UU.) :bSpringer-Verlag,cc1994. axxvii, 525 páginas :bilustraciones ;c24 x 16 cm. a"Springer study edition" aIncluye referencias bibliográficas e índices.26aBiodiversidad26aBiocenosis26aConservación de la diversidad biológica26aSistemas de cultivo26aFunciones del ecosistema1 aSchulze, E. D.q(Ernst-Detlef),d1941-eeditor1 aMooney, Harold Aeeditor 2ddccLIBRO c19483d19483 00102ddc40708GENERALIINV2017aBogotabBogotad2017-05-03eInstitutog39000.00l0oLB-577.88 B61ep041210r2017-05-03 00:00:00tEj. 1w2017-05-03xComprayLIBRO